[Event "Dhaka Chowdhury Memorial op-B 2nd"]
[Site "Dhaka"]
[Date "2022.07.06"]
[Round "7"]
[White "Mohammad Shafiqul, Islam"]
[Black "Bappi, Ab"]
[Result "1-0"]
[WhiteElo "1689"]
[BlackElo "1839"]
[PlyCount "75"]
[EventDate "2022.07.02"]
[EventType "swiss"]
[EventRounds "9"]
[EventCountry "BAN"]
[SourceTitle "EXT 2023"]
[Source "ChessBase"]
[SourceDate "2022.10.05"]
[SourceVersion "1"]
[SourceVersionDate "2022.10.05"]
[SourceQuality "1"]

1. e4 e6 2. d4 d5 3. Nd2 c5 4. c3 cxd4 5. cxd4 Nc6 6. Ngf3 dxe4 7. Nxe4 Nf6 8. Bd3 Be7 9. 0-0 0-0 10. Bg5 Nb4 11. Bb1 Nbd5 12. Qd3 g6 13. Bh6 Re8 14. Ne5 Nxe4 15. Qxe4 f5 16. Qe2 Bf6 17. Re1 a6 18. a3 b5 19. Ba2 Bb7 20. Rac1 Qb6 21. Rc5 Qd6 22. Rec1 Bd8 23. Rc6 Bxc6 24. Rxc6 Qe7 25. Qf3 Kh8 26. Bxd5 exd5 27. Rxg6 hxg6 28. Nxg6+ Kh7 29. Nxe7 Rxe7 30. Bd2 Kg6 31. Qxd5 Rc8 32. Qg8+ Rg7 33. Qe6+ Bf6 34. Qxc8 Bxd4 35. Qe6+ Bf6 36. Bc3 Rf7 37. h4 Kg7 38. h5 1-0

[Event "BAN-ch U20"]
[Site "Dhaka"]
[Date "2022.02.23"]
[Round "9"]
[White "Mohammad Shafiqul, Islam"]
[Black "Mortuza Muhtadi, Islam"]
[Result "1-0"]
[WhiteElo "1720"]
[BlackElo "1485"]
[PlyCount "77"]
[EventDate "2022.02.15"]
[EventType "swiss"]
[EventRounds "9"]
[EventCountry "BAN"]
[SourceTitle "CBM 207 Extra"]
[Source "ChessBase"]
[SourceDate "2022.05.31"]
[SourceVersion "1"]
[SourceVersionDate "2022.05.31"]
[SourceQuality "1"]

1. e4 d5 2. exd5 Nf6 3. d4 Bg4 4. f3 Bf5 5. c4 e6 6. dxe6 Nc6 7. Be3 Bb4+ 8. Nc3 Qe7 9. Bd3 Qxe6 10. Bxf5 Qxe3+ 11. Qe2 Qxe2+ 12. Ngxe2 Bxc3+ 13. bxc3 Na5 14. Bd3 0-0-0 15. Kf2 Rhe8 16. g4 Re7 17. Ng3 g6 18. g5 Nd7 19. Rhe1 Rde8 20. Rxe7 Rxe7 21. Re1 Rxe1 22. Kxe1 Nb6 23. Ne4 Naxc4 24. Nf6 Nb2 25. Kd2 Nxd3 26. Kxd3 Nd7 27. Nxh7 Kd8 28. f4 Ke7 29. h4 Ke6 30. Ke4 f5+ 31. gxf6 Nxf6+ 32. Nxf6 Kxf6 33. c4 b6 34. a3 c6 35. d5 cxd5+ 36. cxd5 b5 37. Kd4 Ke7 38. Kc5 a6 39. Kc6 1-0

[Event "BAN-ch U20"]
[Site "Dhaka"]
[Date "2022.02.20"]
[Round "6"]
[White "Mohammad Abidur, Rahman"]
[Black "Mohammad Shafiqul, Islam"]
[Result "0-1"]
[WhiteElo "1248"]
[BlackElo "1720"]
[PlyCount "66"]
[EventDate "2022.02.15"]
[EventType "swiss"]
[EventRounds "9"]
[EventCountry "BAN"]
[SourceTitle "CBM 207 Extra"]
[Source "ChessBase"]
[SourceDate "2022.05.31"]
[SourceVersion "1"]
[SourceVersionDate "2022.05.31"]
[SourceQuality "1"]

1. e4 c5 2. Bc4 e6 3. Nf3 a6 4. 0-0 b5 5. Be2 Bb7 6. d3 Nc6 7. a3 Qc7 8. Nc3 b4 9. Na4 Nf6 10. h3 h5 11. Be3 Ng4 12. g3 Nxe3 13. fxe3 Qxg3+ 14. Kh1 Qxh3+ 15. Kg1 Rh6 16. Kf2 Bd6 17. Rg1 Ne5 18. Qf1 Ng4+ 19. Ke1 Qxf1+ 20. Rxf1 Nxe3 21. Kd2 Nxf1+ 22. Rxf1 f5 23. e5 Be7 24. Nb6 g5 25. Nxa8 Bxa8 26. axb4 g4 27. Ng1 h4 28. bxc5 h3 29. d4 h2 30. Bxa6 h1Q 31. b4 Rh2+ 32. Kd1 Qg2 33. b5 Qd2# 0-1

[Event "BAN-ch U20"]
[Site "Dhaka"]
[Date "2022.02.18"]
[Round "4"]
[White "Shahriar Al, Mahmood"]
[Black "Mohammad Shafiqul, Islam"]
[Result "0-1"]
[WhiteElo "1301"]
[BlackElo "1720"]
[PlyCount "50"]
[EventDate "2022.02.15"]
[EventType "swiss"]
[EventRounds "9"]
[EventCountry "BAN"]
[SourceTitle "CBM 207 Extra"]
[Source "ChessBase"]
[SourceDate "2022.05.31"]
[SourceVersion "1"]
[SourceVersionDate "2022.05.31"]
[SourceQuality "1"]

1. e4 c5 2. c3 Nf6 3. e5 Nd5 4. Bc4 Nb6 5. Qb3 e6 6. d4 Qc7 7. Nd2 cxd4 8. cxd4 Nc6 9. Ngf3 Na5 10. Qc3 Naxc4 11. Nxc4 Qxc4 12. Bd2 Qxc3 13. Bxc3 Nc4 14. b3 Nb6 15. 0-0 Nd5 16. Bd2 b5 17. Rac1 b4 18. Ng5 f5 19. h3 Be7 20. g4 h6 21. Nf3 fxg4 22. hxg4 0-0 23. Kg2 Kh7 24. Kg3 Nc3 25. Ng1 Ne4+ 0-1

[Event "BAN-chT2 Borsho 2nd"]
[Site "Bangladesh"]
[Date "2021.01.23"]
[Round "4.3"]
[White "Mohammad Shafiqul, Islam"]
[Black "Mohammad, Tanvir Rahman"]
[Result "1-0"]
[WhiteElo "1611"]
[BlackElo "1786"]
[PlyCount "61"]
[EventDate "2021.01.20"]
[EventType "team-tourn"]
[EventRounds "9"]
[EventCountry "BAN"]
[SourceTitle "CBM 200 Extra"]
[Source "ChessBase"]
[SourceDate "2021.03.31"]
[SourceVersion "1"]
[SourceVersionDate "2021.03.31"]
[SourceQuality "1"]
[WhiteTeam "Elegant Int CA Cha"]
[BlackTeam "Bangladesh Police Prime"]
[WhiteTeamCountry "BAN"]
[BlackTeamCountry "BAN"]

1. e4 c6 2. d4 d5 3. Nc3 dxe4 4. Nxe4 Nd7 5. Ng5 Ngf6 6. Bc4 e6 7. Ne2 Nb6 8. Bd3 c5 9. c4 cxd4 10. 0-0 Bc5 11. Nf4 g6 12. h4 h6 13. Bd2 hxg5 14. hxg5 Nh5 15. Nxg6 fxg6 16. Bxg6+ Kd7 17. Bxh5 Kc7 18. g6 Qf6 19. b4 Bf8 20. Re1 Bd7 21. g3 Bg7 22. Bf4+ Kc8 23. Re5 Qe7 24. Rc5+ Bc6 25. Qg4 Nd7 26. Rc1 Nxc5 27. bxc5 Bd7 28. Bd6 Qe8 29. Qf3 Rf8 30. Qd3 Rh8 31. Bg4 1-0

[Event "Dhaka Saarc op"]
[Site "Dhaka"]
[Date "2019.11.25"]
[Round "1"]
[White "Mohammad Shafiqul, Islam"]
[Black "Jabed, Al Azad"]
[Result "0-1"]
[WhiteElo "1696"]
[BlackElo "2035"]
[PlyCount "86"]
[EventDate "2019.11.25"]
[EventType "swiss"]
[EventRounds "9"]
[EventCountry "BAN"]
[SourceTitle "CBM 193 Extra"]
[Source "ChessBase"]
[SourceDate "2020.01.31"]
[SourceVersion "1"]
[SourceVersionDate "2020.01.31"]
[SourceQuality "1"]

1. e4 c6 2. d4 d5 3. Nc3 dxe4 4. Nxe4 Bf5 5. Ng3 Bg6 6. Nf3 Nd7 7. h4 h6 8. h5 Bh7 9. Bd3 Bxd3 10. Qxd3 e6 11. Bf4 Qa5+ 12. c3 Ngf6 13. 0-0 Nxh5 14. Nxh5 Qxh5 15. Rfe1 Be7 16. Ne5 Nxe5 17. Rxe5 Qg4 18. Qe4 g5 19. Bh2 Qxe4 20. Rxe4 Kd7 21. c4 Bd6 22. Be5 Bxe5 23. dxe5 Rhd8 24. f4 g4 25. Kf2 Ke7 26. Rh1 Rd2+ 27. Re2 Rad8 28. b3 g3+ 29. Kf3 R8d3+ 30. Re3 Rxe3+ 31. Kxe3 Rxg2 32. Kf3 Rxa2 33. Kxg3 Rb2 34. Ra1 Rxb3+ 35. Kg4 a6 36. Ra4 f6 37. c5 Kf7 38. Rd4 Kg6 39. Rd6 h5+ 40. Kh4 Kf5 41. exf6 Kxf6 42. Kxh5 Rc3 43. Rd7 Rxc5+ 0-1